| LEADER | 00699Cab#a22001935a#4500 | ||
|---|---|---|---|
| 001 | 025331 | ||
| 005 | 20240710114741.0 | ||
| 008 | 131018c2012####ag#######b####000#0#spa#d | ||
| 099 | |a P-AR-PRI1 | ||
| 100 | 1 | |a Quereilhac, Soledad. | |
| 245 | 0 | 2 | |a Sociedades Espírituales en el pasaje de siglos : |b entre el cenáculo y las promesas de una Ciencia futura (1880-1910) / |c Soledad Quereilhac. |
| 300 | |a p. 183-186 | ||
| 500 | |a En Dossier: Sociabilidades culturales en Buenos Aires, 1860-1930: círculos, sociedades, ateneos y cafés. | ||
| 504 | |a Incluye referencias bibliográficas. | ||
| 942 | |c ANA |n 0 | ||
| 650 | 7 | |a Cenáculos |2 ttll | |
| 651 | 7 | |a Argentina |2 spines | |
| 653 | |a Teosofía | ||
| 999 | |c 32369 |d 116169 | ||